LEADER 01557cam a2200337 a 4500
001 c000231699
003 CARM
005 20070327155314.0
008 840725s1984 ne a b 101 0 eng
010 |a 84016710 
019 1 |a 26216487  |z 3316259  |5 LACONCORD2021 
020 |a 9024730651 
035 |a (OCoLC)11043117  |5 LACONCORD2021 
040 |a DLC  |b eng  |c DLC  |d DLC  |d LC 
050 0 0 |a TA347.B69  |b N37 1983 
050 1 4 |a TA347.B69  |b N37 1983 
082 0 0 |a 515.3/5/02854  |2 19 
082 0 4 |a 515.3/5/02854 
111 2 |a NATO Advanced Study Institute on Boundary Elements in CAD  |d (1983 :  |c Southampton, England) 
245 1 0 |a Boundary element techniques in computer aided engineering /  |c edited by C.A. Brebbia. 
260 |a Dordrecht ;  |a Boston :  |b Published in co-operation with NATO Scientific Affairs Division [by] M. Nijhoff ;  |a Hingham, MA, USA :  |b Distributors for the U.S. and Canada, Kluwer Academic Publishers,  |c 1984. 
300 |a x, 440 p. :  |b ill. ;  |c 25 cm. 
440 0 |a NATO ASI series.  |n Series E,  |p Applied sciences ;  |v no. 84 
504 |a Includes bibliographies and index. 
650 0 |a Boundary element methods  |x Data processing  |x Congresses. 
650 0 |a Computer-aided engineering  |x Congresses. 
700 1 |a Brebbia, C. A. 
710 2 |a North Atlantic Treaty Organization.  |b Scientific Affairs Division. 
852 8 |b CARM  |h A1:AP06C0  |i F01735  |p 0342216  |f BK 
999 f f |i 5330677d-04ab-5626-a03c-ba61932668ae  |s 7db07983-5488-5e96-beca-6b32357718b6 
952 f f |p Can circulate  |a CAVAL  |b CAVAL  |c CAVAL  |d CARM 1 Store  |e F01735  |f A1:AP06C0  |h Other scheme  |i book  |m 0342216